000 00449nam a22001697a 4500
008 131204b xxu||||| |||| 00| 0 alb d
041 0 _aalb
080 _a341.7
100 _aNikolson, Sër Harold ;
245 1 0 _aDiplomacia /
_c Sër Harold Nikolson ;
260 _aPrishtinë :
_bBrezi '81 ;
_c2005.
300 _a243 f. ;
_c20 cm.
500 _aParathënie : f. 9-16
505 _aBibliografia : f. 243
650 _aDiplomacia
942 _2udc
_cBK
999 _c387
_d387